| 000 | 00871cam a22002411i 4500 | ||
|---|---|---|---|
| 001 | 9382290 | ||
| 003 | OSt | ||
| 005 | 20250901165748.0 | ||
| 008 | 791106s1963 nyu 000 1 eng | ||
| 010 | _a 63014140 | ||
| 035 | _a(OCoLC)5655433 | ||
| 040 |
_aDLC _cOKentU _dODaWU _dDLC |
||
| 050 | 0 | 0 |
_aPZ 3 .O3677 El 1963 _bEl _aPS3529.H29 |
| 100 | 1 |
_aO'Hara, John, _d1905-1970. |
|
| 245 | 1 | 0 |
_aElizabeth Appleton : _ba novel / _cby John O'Hara. |
| 260 |
_aNew York : _bRandom House, _c[1963]. |
||
| 300 |
_a5 p. l., 3-310 p., 1 l. ; _c21.2 cm. |
||
| 500 | _aFirst edition, first printing. Bruccoli, O'Hara, A 23.1.a. | ||
| 500 | _aBound in blue cloth ; stamped in gold and blue; top edges stained yellow. Light blue endpapers. Dust jacket. | ||
| 500 | _aFrom the library of Matthew J. Bruccoli. | ||
| 906 |
_a7 _bcbc _coclcrpl _du _encip _f19 _gy-gencatlg |
||
| 942 |
_2lcc _cBK |
||
| 999 |
_c8906 _d8906 |
||